MyGZULibrary

Corporate communication : (Record no. 1495)

MARC details
000 -LEADER
fixed length control field 01007cam a2200313 a 4500
001 - CONTROL NUMBER
control field 16736952
003 - CONTROL NUMBER IDENTIFIER
control field GZU
005 - DATE AND TIME OF LATEST TRANSACTION
control field 20201019092208.0
008 - FIXED-LENGTH DATA ELEMENTS--GENERAL INFORMATION
fixed length control field 110415s2010 enka 000 0 eng
010 ## - LIBRARY OF CONGRESS CONTROL NUMBER
LC control number 2011285223
020 ## - INTERNATIONAL STANDARD BOOK NUMBER
International Standard Book Number 9780198063650 (pbk.)
020 ## - INTERNATIONAL STANDARD BOOK NUMBER
International Standard Book Number 0198063652 (pbk.)
040 ## - CATALOGING SOURCE
Original cataloging agency DLC
Transcribing agency DLC
Modifying agency DLC
042 ## - AUTHENTICATION CODE
Authentication code pcc
043 ## - GEOGRAPHIC AREA CODE
Geographic area code a-ii---
050 00 - LIBRARY OF CONGRESS CALL NUMBER
Classification number HD30.3
Item number .JET 2010
082 00 - DEWEY DECIMAL CLASSIFICATION NUMBER
Classification number 658.4/5
Edition number 23
100 1# - MAIN ENTRY--PERSONAL NAME
Personal name Jethwaney, Jaishri N.
245 10 - TITLE STATEMENT
Title Corporate communication :
Remainder of title principles and practice /
Statement of responsibility, etc. Jaishri Jethwaney.
260 ## - PUBLICATION, DISTRIBUTION, ETC.
Place of publication, distribution, etc. Oxford ;
-- New York :
Name of publisher, distributor, etc. Oxford University Press,
Date of publication, distribution, etc. 2010.
300 ## - PHYSICAL DESCRIPTION
Extent xi, 432 p. :
Other physical details ill. ;
Dimensions 25 cm.
650 #0 - SUBJECT ADDED ENTRY--TOPICAL TERM
Topical term or geographic name entry element Communication in management.
650 #0 - SUBJECT ADDED ENTRY--TOPICAL TERM
Topical term or geographic name entry element Communication in organizations.
650 #0 - SUBJECT ADDED ENTRY--TOPICAL TERM
Topical term or geographic name entry element Communication in management
Geographic subdivision India.
650 #0 - SUBJECT ADDED ENTRY--TOPICAL TERM
Topical term or geographic name entry element Communication in organizations
Geographic subdivision India.
906 ## - LOCAL DATA ELEMENT F, LDF (RLIN)
a 7
b cbc
c origres
d 2
e ncip
f 20
g y-gencatlg
942 ## - ADDED ENTRY ELEMENTS (KOHA)
Source of classification or shelving scheme Library of Congress Classification
Koha item type Books
Classification part 30.3
Item part JET
Call number prefix HD
Holdings
Withdrawn status Lost status Damaged status Not for loan Collection code Home library Current library Shelving location Date acquired Total Checkouts Full call number Barcode Date last seen Copy number Price effective from Koha item type
        Non-fiction City Campus Library City Campus Library General Stacks 10/19/2020   HD 30.3 JET 2010 023537 10/19/2020 c.1 10/19/2020 Books
        Non-fiction City Campus Library City Campus Library General Stacks 10/19/2020   HD 30.3 JET 2010 023536 10/19/2020 c.2 10/19/2020 Books
        Non-fiction City Campus Library City Campus Library General Stacks 10/19/2020   HD 30.3 JET 2010 023538 10/19/2020 c.3 10/19/2020 Books